[Event "88th GER-ch Men 2017"]
[Site "Apolda"]
[Date "2017.06.23"]
[Round "1"]
[White "Meier, Georg"]
[Black "Engel, Luis"]
[Result "1/2-1/2"]
[WhiteElo "2636"]
[BlackElo "2321"]
[Annotator "TA"]
[PlyCount "86"]
[EventDate "2017.??.??"]
[EventType "swiss"]
[EventCountry "GER"]
[SourceTitle "playchess.com"]
[Source "ChessBase"]
[SourceQuality "1"]

{[%evp 12,86,18,0,16,12,14,15,21,9,15,18,52,37,50,32,23,7,24,14,14,0,0,-12,7,8,0,0,-7,-16,22,18,34,10,20,20,11,0,18,17,17,16,14,13,13,0,0,0,0,0,0,0,0,0,0,0,0,0,0,0,0,0,0,0,0,0,0,0,0,0,0,0,0,0,0,0,0]} 1. Nf3 c5 2. e4 d6 3. Bb5+ Nd7 4. d4 cxd4 5. Qxd4 a6 6. Bxd7+ Bxd7 7. O-O Rc8 {B51: Sicilian: Moscow Variation (3 Bb5+) without 3...Bd7} (7... e5 8. Qd3 Rc8 9. c4 b5 10. b3 h6 11. Nc3 bxc4 12. bxc4 Nf6 13. Be3 Be7 14. Rab1 O-O 15. h3 Qc7 16. Nd2 {½-½ (43) Anand,V (2786)-Giri,A (2771) Stavanger 2017}) 8. Nc3 e5 9. Qb4 Bc6 10. Qb3 Nf6 $146 ({Predecessor:} 10... Be7 11. Rd1 Qc7 12. Bg5 Bxg5 13. Nxg5 Nf6 {½-½ (13) Spasov,V (2565)-Ashwin,J (2472) Albena 2013}) 11. Bg5 h6 12. Bxf6 $1 Qxf6 13. Nd5 Qe6 14. c4 Be7 15. Rfd1 O-O 16. Nxe7+ Qxe7 17. Qe3 Rc7 18. b3 f5 19. exf5 Rxf5 20. Ne1 b5 21. cxb5 axb5 22. Rac1 Rf8 {The position is equal.} 23. Rc2 Ba8 24. Rdc1 Rfc8 25. Qb6 {[%cal Rc2c7]} Rxc2 26. Rxc2 Rxc2 27. Nxc2 Qb7 {[%csl Ga8][%cal Rb7g2] [#]} 28. Qd8+ Kh7 {[%csl Ga8][%cal Rb7g2]} 29. Ne3 d5 {Strongly threatening ...d4.} 30. Ng4 Qc6 {[%cal Rc6c1]} (30... d4 $5 31. f3 $8 Qc6 $11) 31. h3 d4 {[%csl Ga8][%cal Rc6g2]} 32. f3 Qc1+ 33. Kh2 Qf4+ 34. Kg1 Qc1+ 35. Kh2 Qf4+ 36. Kg1 Bxf3 (36... h5 $5 {[%cal Rh5g4]} 37. Nf2 Bc6 $11) 37. gxf3 Qg3+ ({Much worse is} 37... Qxf3 $6 38. Nf2 $16) 38. Kf1 {And now Qd5 would win.} Qxh3+ ({Don't play} 38... Qxf3+ $6 39. Nf2 $16) 39. Ke2 {Qd5 is the strong threat.} e4 $1 {[%cal Re4f3] [#]} 40. Nf6+ $1 {[%mdl 512]} gxf6 41. Qe7+ Kg8 42. Qe8+ Kg7 43. Qe7+ Kg8 {Precision: White = 64%, Black = 51%.} 1/2-1/2

[Event "88th GER-ch Men 2017"]
[Site "Apolda"]
[Date "2017.06.23"]
[Round "1"]
[White "Huschenbeth, Niclas"]
[Black "Neyman, Igor"]
[Result "1-0"]
[WhiteElo "2586"]
[BlackElo "2308"]
[Annotator "TA"]
[PlyCount "85"]
[EventDate "2017.??.??"]
[EventType "swiss"]
[EventCountry "GER"]
[SourceTitle "playchess.com"]
[Source "ChessBase"]
[SourceQuality "1"]

{[%evp 13,85,21,24,15,19,35,28,24,32,32,27,18,11,0,40,40,42,48,48,38,30,35,59,47,67,87,72,83,64,66,62,57,65,62,65,79,98,97,103,16,70,56,62,73,79,62,83,58,86,86,83,84,153,147,138,188,243,217,312,289,263,250,311,292,392,368,346,327,463,394,909,905,847,843]} 1. e4 c5 2. Nf3 Nc6 3. d4 cxd4 4. Nxd4 e5 5. Nb5 {[%cal Bd4b5,Bb5a3,Ba3c4][%mdl 32]} d6 6. N1c3 a6 7. Na3 Be7 8. Be3 {Black should prevent Nd5. B32: Sicilian: Löwenthal and Kalashnikov Variations} Nf6 9. Nc4 b5 10. Nb6 {White has an edge.} Rb8 11. Nxc8 Qxc8 12. Be2 O-O 13. O-O Rd8 14. a3 {[#]} d5 $146 ({Predecessor:} 14... h6 15. Qd3 Na5 {1-0 (40) Vovk,A (2625)-Libiszewski,F (2531) Amantea 2014}) 15. Nxd5 Nxe4 16. c4 Nf6 17. Rc1 Qe6 {[%cal Rf6d5]} 18. Qc2 {Black must now prevent cxb5.} Nd4 19. Bxd4 exd4 20. Nxe7+ Qxe7 21. cxb5 axb5 22. Bd3 b4 23. a4 b3 24. Qc5 Qxc5 25. Rxc5 Nd5 26. Be4 ({White should try} 26. g3 $16) 26... Nb4 (26... Nb6 $1 $11 27. a5 Na4) 27. Rd1 g6 28. g4 Rd6 29. Kf1 d3 30. f3 Rd4 31. a5 Kg7 32. Kf2 h6 (32... h5 $142) 33. Ke3 $16 Rd6 34. Kd2 Kf6 (34... Rd4 {keeps fighting.} 35. Rdc1 Nc2) 35. Ra1 Nc2 (35... Ke7 $142 36. Rc7+ Ke6) 36. Ra4 $18 Nb4 37. Rc3 Na6 38. Rxd3 Rxd3+ 39. Bxd3 Nc5 40. Rc4 Nd7 (40... Nxd3 $142 41. Kxd3 Ke5) 41. Rc7 Ke7 $2 (41... Ke6 42. a6 Rd8) 42. a6 Kd6 {[#]} 43. Rxd7+ $1 {[%mdl 512] Precision: White = 78%, Black = 44%.} 1-0

[Event "88th GER-ch Men 2017"]
[Site "Apolda"]
[Date "2017.06.23"]
[Round "1"]
[White "Donchenko, Alexander"]
[Black "Frischmann, Rick"]
[Result "1-0"]
[WhiteElo "2573"]
[BlackElo "2304"]
[Annotator "TA"]
[PlyCount "49"]
[EventDate "2017.??.??"]
[EventType "swiss"]
[EventCountry "GER"]
[SourceTitle "playchess.com"]
[Source "ChessBase"]
[SourceQuality "1"]

{[%evp 9,48,47,47,46,46,46,46,46,46,46,47,53,61,40,83,65,83,89,150,167,163,158,182,104,225,231,259,221,233,192,179,164,153,56,29996,29997,29997,29998,29998,29999,29999]} 1. d4 Nf6 2. c4 g6 3. f3 Nh5 (3... c5 4. d5 Bg7 5. e4 d6 6. Nc3 O-O 7. Bg5 h6 8. Be3 e6 9. Qd2 exd5 10. cxd5 Nh7 11. Bd3 Nd7 12. Nh3 Ne5 13. Nf2 f5 14. Be2 g5 15. exf5 Bxf5 16. h4 b5 17. hxg5 hxg5 18. Nxb5 Rb8 {0-1 (33) Najer,E (2682)-Mamedyarov,S (2772) Sochi 2017}) 4. Nh3 e5 5. dxe5 Nc6 6. Bg5 {E60: King's Indian: Unusual lines and Fianchetto Variation without Nc3} Be7 7. Bxe7 Qxe7 8. Nc3 {White is slightly better.} Qxe5 9. g4 {[%cal Bg2g4,Bg4g5][%mdl 32]} Nf6 10. Qd2 d6 11. g5 Nh5 {[#]} 12. Nd5 $146 {[%cal Rd5c7]} O-O 13. f4 Qe4 (13... Qd4 $142) 14. Nf2 $36 {[%mdl 2048] Keeping Black busy.} Qxc4 15. e3 (15. Nxc7 Rb8 $16) 15... Qa4 16. Be2 ({Don't do} 16. Nxc7 $6 Rb8 $16) ({White should try} 16. b3 $18 Qa5 17. Qxa5 Nxa5 18. Nxc7) 16... Ng7 (16... Be6 $16 {was worth a try.}) 17. h4 ({Much less strong is} 17. Nxc7 $6 Rb8 $16) 17... Ne8 18. b3 Qa3 19. h5 {Threatens to win with Bb5.} Be6 20. hxg6 fxg6 21. Bc4 (21. Bf3 $16) 21... Bxd5 $2 {[%mdl 8192]} (21... Rf7 $14) 22. Qxd5+ {White mates.} Kh8 {[#]} 23. Rxh7+ $1 {[%mdl 512]} Kxh7 24. Qh1+ Kg7 25. Qh6# {Precision: White = 71%, Black = 40%.} 1-0

[Event "88th GER-ch Men 2017"]
[Site "Apolda"]
[Date "2017.06.23"]
[Round "1"]
[White "Bischoff, Klaus"]
[Black "Schulz, Karsten"]
[Result "1-0"]
[WhiteElo "2504"]
[BlackElo "2264"]
[Annotator "TA"]
[PlyCount "95"]
[EventDate "2017.??.??"]
[EventType "swiss"]
[EventCountry "GER"]
[SourceTitle "playchess.com"]
[Source "ChessBase"]
[SourceQuality "1"]

{[%evp 9,95,13,12,25,38,38,33,35,35,0,13,12,64,54,171,165,179,152,147,139,158,117,154,172,207,193,208,206,233,203,194,128,132,129,128,127,142,124,116,115,118,122,111,111,108,104,105,105,98,104,105,101,108,62,70,38,76,11,17,8,18,13,84,93,99,102,94,165,115,113,122,99,95,78,1064,1096,1062,774,1987,1929,1907,1927,1668,1682,2331,2253,2300,2200]} 1. d4 d6 2. e4 Nf6 3. f3 e5 4. d5 Be7 5. c4 O-O 6. Be3 {B07: Pirc Defence: Miscellaneous Systems} (6. Nc3 c6 7. Be3 a6 8. Rc1 Qa5 9. a3 Nbd7 10. Bd3 cxd5 11. cxd5 b5 12. Qd2 Bb7 {1-0 (26) Ivanchuk,V (2728)-Kuzubov,Y (2635) Izmir 2016}) 6... Nh5 7. Ne2 Bg5 $146 ({Predecessor:} 7... f5 8. exf5 Bxf5 9. Nbc3 Bg6 10. Qd2 Nd7 11. O-O-O Nc5 12. Ng3 Nxg3 13. hxg3 a5 {1-0 (58) Stastny,R (2039)-Markovic,I (2216) Brno 2005}) 8. Bf2 {White is slightly better.} f5 9. Nec3 Bh6 10. Nd2 fxe4 (10... c6 $11) 11. Ndxe4 $14 Nf4 ({Black should play} 11... Nf6 $14) 12. h4 $1 $18 Nd7 13. g3 {[%cal Bg2g3,Bg3g4][%mdl 32]} Ng6 14. Bd3 Nf6 15. Qc2 Re8 16. g4 Bf4 17. Ne2 c6 18. h5 Nf8 19. Nxf4 exf4 20. dxc6 (20. O-O-O $18) 20... Bxg4 $16 21. fxg4 Nxe4 22. Bxe4 Qe7 23. O-O ({Don't do} 23. cxb7 $6 Qxb7 24. O-O-O Rxe4 $14) 23... Qxe4 24. Qxe4 Rxe4 25. cxb7 Rb8 26. b3 $1 Rxb7 27. Rfe1 Rxe1+ 28. Rxe1 {[%mdl 4096] Endgame KRB-KRN} Kf7 29. Rd1 Ke6 30. Rd5 Nd7 31. Rf5 Ne5 32. Rxf4 a5 $1 33. Bd4 (33. Bg3 $16) 33... a4 $1 $11 34. Bxe5 dxe5 {KR-KR} 35. Rf3 axb3 (35... Rd7 $1 $11 {keeps the balance.}) 36. axb3 $16 e4 {[#]} 37. Rc3 $1 Ke5 38. c5 {[%cal Bc4c5,Bc5c6][%mdl 32]} Kd4 39. c6 Rc7 40. Rc1 {Strongly threatening b4.} Kd3 41. b4 {[%cal Bb3b4,Bb4b5][%mdl 32] aiming for b5.} Kd2 $2 {[%mdl 8192]} (41... e3 $16) 42. Rc5 $18 {White is clearly winning.} e3 {[#]} 43. Rd5+ $1 Kc3 44. b5 Kc4 45. Rd7 Rc8 46. Kf1 Kxb5 47. c7 Kc6 48. Rxg7 {Precision: White = 75%, Black = 47%.} 1-0

[Event "88th GER-ch Men 2017"]
[Site "Apolda"]
[Date "2017.06.23"]
[Round "1"]
[White "Meister, Jakob"]
[Black "Schneider, Jana"]
[Result "1/2-1/2"]
[WhiteElo "2433"]
[BlackElo "2270"]
[Annotator "TA"]
[PlyCount "170"]
[EventDate "2017.??.??"]
[EventType "swiss"]
[EventCountry "GER"]
[SourceTitle "playchess.com"]
[Source "ChessBase"]
[SourceQuality "1"]

{[%evp 9,170,31,29,11,39,6,7,0,16,9,18,6,28,21,24,18,35,35,41,27,44,20,47,39,84,75,64,61,112,102,111,100,100,84,104,89,112,88,124,116,128,139,118,138,169,84,66,101,61,48,37,14,16,-15,-15,-35,-25,-27,-12,-70,0,0,0,-91,-94,-132,-137,-140,-135,-245,-224,-223,-73,-63,0,0,0,0,0,0,0,0,0,0,0,0,0,0,0,0,0,0,0,0,0,0,0,0,0,0,0,0,0,0,0,0,0,0,0,0,0,0,0,0,0,0,0,0,0,0,0,0,0,0,-9,0,-75,-264,0,0,0,0,0,0,0,0,0,0,0,0,0,0,0,0,0,0,0,0,0,0,0,0,0,0,0,0,0,0,0,0,0,0,0]} 1. c4 e5 2. Nc3 Nc6 3. e3 Bc5 (3... Bb4 4. Qc2 Bxc3 5. dxc3 d6 6. e4 Be6 7. Bd3 Nf6 8. Ne2 Nd7 9. Ng3 Nc5 10. Be2 a5 11. Be3 b6 12. O-O {½-½ (20) Neiksans,A (2599)-Jakovenko,D (2718) Minsk 2017}) 4. Nge2 a6 5. d4 exd4 6. Nxd4 {A25: English Opening vs King's Indian with ...Nc6 but without early d3} Nge7 $146 ({Predecessor:} 6... Nxd4 7. exd4 Ba7 8. Qg4 Qf6 9. Be3 d6 10. Qe4+ {1-0 (57) Melcon Diez,E (1635)-Barria Arbunic,M (1470) Madrid 2012}) 7. Nb3 Ba7 8. Be2 d6 9. O-O O-O 10. Nd5 Be6 11. Nf4 Bf5 12. Bd2 Ne5 13. Bc3 N7g6 14. Nd4 Bd7 15. Nh5 f6 16. Qb3 Bc8 17. Rad1 Kh8 18. Qc2 $36 {[%mdl 2048] White has good play.} Ne7 (18... Bd7 $14) 19. Nf4 $16 {Threatens to win with Nde6.} Re8 20. Bh5 g6 21. Be2 $1 Nf5 22. Nb3 Qe7 23. e4 $1 {[%cal Re4f5]} Ng7 24. Nd5 Qf7 25. Kh1 $1 c6 26. f4 Ng4 27. Bxg4 (27. f5 $1 $18) 27... Bxg4 28. Nxf6 Bxd1 29. Qxd1 Re6 $1 {[%cal Re6f6]} 30. e5 Qe7 {[%cal Rd6e5]} 31. Qg4 dxe5 32. fxe5 Nf5 33. Qh3 Rd8 34. Ng4 (34. Ba5 $11 b6 35. Bb4) 34... Qd7 ({Black should try} 34... h5 $15 35. Nf6 Ne3) 35. Nf6 $11 Qe7 {next ...Ne3 is good for Black.} 36. Nd2 {[#]} (36. Ng4 $11 {remains equal.}) 36... Bd4 $1 $17 37. Nf3 {And now Nxh7! would win.} Bxc3 38. bxc3 Rd3 39. Re1 (39. Nh5 $17 Rxe5 40. Nf4 Rxf3 41. Qxf3) 39... Rxf3 40. Qxf3 {[#]} Rxf6 ({Weaker is} 40... Rxe5 41. Rxe5 Qxe5 42. Ne4 $11) (40... Qxf6 $1 $19 {[%mdl 512] and Black stays clearly on top.} 41. g4 (41. exf6 Rxe1+) 41... Qh4) 41. g4 Re6 (41... Rf8 $15 42. gxf5 Rxf5) 42. gxf5 $11 Rxe5 43. Rxe5 Qxe5 44. fxg6 hxg6 {[%mdl 4096] Endgame KQ-KQ} 45. Qh3+ Kg7 46. Qd7+ Kf6 47. Qxb7 Qe4+ 48. Kg1 Qxc4 49. Qb2 Qg4+ 50. Kf2 Kf5 51. Qb3 Qf4+ 52. Kg2 Qe4+ 53. Kf2 Kg5 54. c4 Qf4+ 55. Kg2 c5 56. Qd3 Qg4+ 57. Kf2 Qf4+ 58. Kg2 Qe5 59. Qd2+ Kf5 60. Qf2+ Ke6 61. Qc2 Qg5+ 62. Kf3 Qh5+ 63. Kg3 Ke5 64. Qd2 {White wants to play Qd5+.} Ke4 65. Qc2+ Kd4 66. h3 Qe5+ 67. Kg4 Qe6+ 68. Kg5 $2 (68. Kg3 $17 {only move.}) 68... Qe7+ $2 ({Less strong is} 68... Qxc4 69. Qf2+ Kd3 70. Qf3+ Kc2 71. h4 $15) ({Better is} 68... Qxh3 $19 69. Qb2+ Qc3) 69. Kg4 {The position is equal.} Qh7 70. Qd2+ Kxc4 71. Qe2+ Kd4 72. Qd2+ Kc4 {...Qh5+ is the strong threat.} (72... Ke5 $5 {[%cal Rh7h5]}) 73. Qe2+ Kb4 74. Qd2+ Kb5 75. Qd3+ c4 76. Qd5+ Kb4 {Strongly threatening ...Qh5+!} 77. Qd2+ Kc5 78. Qa5+ Kd4 79. Qd2+ Ke4 {aiming for ...Qh5+.} 80. Qe1+ Kd3 {White must now prevent ...Qh5+.} 81. Qd1+ Kc3 (81... Ke4 $5 {[%cal Rh7h5]} 82. Qe1+ Kd4 83. Qd2+ Ke4 84. Qe1+ $11) 82. Qc1+ Kb4 83. Qd2+ Ka4 {Hoping for ...Qh5+.} 84. Qd1+ Ka3 {( -> ...Qh5+)} 85. Qc1+ Kb4 {Precision: White = 62%, Black = 48%.} 1/2-1/2

[Event "88th GER-ch Men 2017"]
[Site "Apolda"]
[Date "2017.06.23"]
[Round "1"]
[White "Kalinitschew, Sergey"]
[Black "Tonndorf, Matthias"]
[Result "1-0"]
[WhiteElo "2423"]
[BlackElo "2256"]
[Annotator "TA"]
[PlyCount "133"]
[EventDate "2017.??.??"]
[EventType "swiss"]
[EventCountry "GER"]
[SourceTitle "playchess.com"]
[Source "ChessBase"]
[SourceQuality "1"]

{[%evp 22,133,21,0,19,29,47,24,27,2,1,14,37,33,41,36,56,29,29,31,2,24,93,0,13,10,9,0,38,-14,0,0,0,0,5,0,48,42,71,76,68,75,76,73,76,85,137,129,158,137,364,170,307,287,558,550,510,488,694,731,1135,827,769,578,583,558,510,353,269,81,420,415,396,400,515,504,495,476,417,235,195,186,29970,7,29971,29972,29967,29968,5302,466,450,450,384,375,363,266,251,251,477,260,412,412,400,400,529,512,1410,1372,3041,1673,4627,2236,2000,200]} 1. g3 d5 2. Nf3 c5 3. Bg2 Nc6 4. d4 Nf6 5. O-O e6 6. c4 cxd4 7. Nxd4 Bc5 8. Nb3 Bb6 9. cxd5 Nxd5 10. Na3 O-O 11. Nc4 Bc7 {E01: Catalan: Early deviations} 12. a3 {LiveBook: 5 Games} (12. Ne3 Qe7 13. Qc2 Rd8 14. Rd1 Ndb4 15. Rxd8+ Bxd8 16. Qe4 Bd7 17. Bd2 a5 18. a3 Na6 19. Bc3 {1-0 (31) Le Roux,J (2550)-Naumkin,I (2452) Cappelle-la-Grande 2012}) 12... Qf6 13. Qc2 a5 {White has an edge.} 14. e4 Nde7 15. a4 $146 ({Predecessor:} 15. f4 e5 16. fxe5 Qg6 17. Bf4 Be6 18. Nc5 Bxc4 19. Qxc4 Bxe5 {½-½ (97) Prudnikova,S (2420)-Zhukova,N (2395) Belgrade 1998}) 15... e5 16. Be3 Be6 17. Nc5 Nb4 18. Qc3 Bc8 19. Rfd1 Nec6 $1 20. Nd7 Bxd7 $1 21. Rxd7 Rac8 (21... Nd4 $11 {remains equal.} 22. Bxd4 exd4) 22. h4 (22. Bh3 $16) 22... Nd4 23. Rxd4 ({Much weaker is} 23. Bxd4 exd4 24. Qb3 (24. Qxd4 Qxd4 25. Rxd4 Nc2 $17) 24... d3 $17) 23... exd4 24. Bxd4 Qh6 25. Rf1 (25. Bh3 $14 Rcd8 26. Ne3 Rxd4 27. Qxd4) 25... Nc6 26. Bc5 Rfe8 27. f4 Rcd8 28. e5 Qh5 29. Bd6 Bb8 30. Bxb8 Rxb8 31. Nd6 $36 {[%mdl 2048] Black is under strong pressure.} Rf8 32. Rf3 {[%cal Bf1f3,Bf3d3,Bd3d2][%mdl 1056] White has strong compensation.} Qg4 33. Rd3 Nb4 ({Black should try} 33... Rbd8) 34. Rd2 $16 Qe6 35. Kh2 ({Weaker is} 35. Bxb7 Rxb7 36. Nxb7 Qb6+ 37. Qc5 (37. Nc5 Na6 $17) 37... Qxb7 $15) 35... b6 $2 (35... Nc6 $16 {is a better defense.} 36. Qe3 Qe7) 36. b3 (36. f5 $142 Qd7 37. Be4) 36... Kh8 (36... Qe7 $142 37. Bf1 Rbd8) 37. Bf1 $18 f6 $2 (37... Nd5 38. Qf3 Nc7) 38. Bc4 Qe7 39. e6 h6 (39... g6 $142 40. Nf7+ Kg7) 40. Qf3 Kh7 41. Qe4+ g6 42. f5 g5 43. hxg5 hxg5 44. Kg1 Kg7 45. Qg4 $2 (45. Nc8 $18 Rfxc8 46. Rd7) 45... Rh8 $2 {[%mdl 8192] [#]} (45... Rbd8 $16) 46. Nf7 $1 {[%cal Rf7h8]} Qc5+ 47. Qd4 Qxd4+ 48. Rxd4 Rhe8 49. Rd7 Kf8 {[#] If only Black now had time for ...Re7....} 50. Nxg5 $1 {[%mdl 512]} fxg5 51. f6 Rec8 $2 (51... Nc6 $18) 52. e7+ Ke8 {[#]} 53. Be6 $1 {[%csl Ge6][%cal Rf6f7]} Rc1+ 54. Kg2 {[%csl Ge6][%cal Rf6f7]} Rc2+ 55. Kf3 (55. Kf1 $142 {[%csl Ge6][%cal Rf6f7]} Rc1+ 56. Kf2 Rc2+ 57. Ke3 Nd5+ 58. Rxd5) 55... g4+ 56. Kxg4 {[%csl Ge6][%cal Rf6f7]} Rf2 57. Kg5 {Black must now prevent Bg4.} Nc6 58. Rc7 Ne5 59. g4 Rf3 $2 (59... Rf1 60. Rc3 Re1) 60. Rc1 (60. Rc2 $142 Re3 61. Kf4) 60... Rh3 (60... Re3 {might work better.}) 61. Kf5 {Strongly threatening Rc7.} Nd3 62. Rf1 b5 63. Kg6 {White is clearly winning.} Nc5 (63... Rg3 $142 64. axb5 Ne5+ 65. Kg7 Rxg4+ 66. Bxg4 Nxg4 67. f7+ Kxe7 68. f8=Q+ Rxf8 69. Rxf8 Kd7) 64. Bd5 Rc8 65. axb5 Rg3 66. g5 (66. Bc6+ $142 Nd7 67. Rh1 Rxg4+ 68. Kf5) 66... Nd7 67. Bf7# 1-0

[Event "88th GER-ch Men 2017"]
[Site "Apolda"]
[Date "2017.06.23"]
[Round "1"]
[White "Telljohan, Sven"]
[Black "Heimrath, Reiner"]
[Result "1-0"]
[WhiteElo "2404"]
[BlackElo "2231"]
[Annotator "TA"]
[PlyCount "119"]
[EventDate "2017.??.??"]
[EventType "swiss"]
[EventCountry "GER"]
[SourceTitle "playchess.com"]
[Source "ChessBase"]
[SourceQuality "1"]

{[%evp 9,119,-23,-30,-21,-25,-23,-27,-28,-35,-39,50,40,63,75,100,78,102,73,139,48,70,56,89,80,87,48,91,95,101,81,114,43,132,136,264,82,84,72,81,86,88,85,58,58,108,97,131,107,126,126,187,91,88,74,76,-30,70,58,61,62,74,69,119,114,127,116,154,145,151,81,123,123,122,110,116,72,204,164,732,845,826,877,875,7,889,889,887,891,875,875,852,847,844,839,765,841,828,833,777,771,757,739,29987,29988,29988,29989,29989,29990,29990,29988,29988,29985]} 1. b4 f5 2. Bb2 e6 (2... Nf6 3. c4 g6 4. d3 Bg7 5. e4 O-O 6. e5 Ne8 7. Nf3 e6 8. Qd2 b6 9. d4 Bb7 10. d5 Qe7 11. Na3 a5 12. Nc2 axb4 13. Nxb4 {½-½ (13) Drogovoz,I (2193)-Lavretzkij,R (2264) Puschino 2017}) 3. e4 Qh4 4. Nc3 $146 ({Predecessor:} 4. exf5 Qxb4 5. Qh5+ Kd8 6. Qg5+ Ne7 7. Bxg7 {½-½ (7) Roggensack Hanspach,P-Dowd,R corr 1989}) 4... fxe4 5. g3 Qh6 6. Nxe4 {A00: Irregular Openings} Bxb4 7. Qg4 Bf8 $1 8. Bg2 {Black has an edge.} Nc6 9. f4 d6 (9... b6 $15) 10. Qe2 $14 {[%mdl 1024] White has compensation.} Be7 11. Nf3 $36 {[%mdl 2048] White has strong initiative.} Bf6 12. d4 $1 Nge7 13. O-O Qg6 (13... Qh5 $142) 14. Rad1 ({White should play} 14. c4 $16) 14... O-O 15. Rfe1 h6 16. c4 d5 17. Nc5 dxc4 18. Qxc4 Qf7 19. Bh3 {[%cal Rh3e6]} Nf5 20. Ne4 (20. Nxe6 $16 Na5 21. Qd5 (21. Qxc7 Bxe6 22. Qxa5 Nxd4 $16) 21... Bxe6 22. Qxe6 (22. Rxe6 Ne3 $11) 22... Qxe6 23. Rxe6) 20... Rd8 (20... Be7 $14) 21. Nxf6+ $16 Qxf6 (21... gxf6 $16 22. Bxf5 exf5) 22. Ne5 $2 (22. d5 $1 $18 {and the rest is easy.} Qxb2 23. Bxf5) 22... Nce7 23. Qxc7 Nd5 24. Qc1 Bd7 25. Nxd7 Rxd7 26. Re5 Rc7 27. Qb1 $1 g6 28. Qe4 Rc6 29. Re1 {[%cal Re5e6]} Kf7 (29... Rd8 $16 {keeps fighting.}) 30. Qf3 (30. g4 $1 $18 {[%cal Rg4f5]} Nd6 31. Qf3 Nxf4 32. d5 $1 {[%mdl 512]} Nxd5 33. Rf5 gxf5 34. Bxf6 Nxf6 35. gxf5) 30... Rd8 31. Bf1 {[%cal Bh3f1,Bf1c4,Bc4b3][%mdl 32]} Rb6 32. Qa3 ({White should try} 32. Qf2 $16) 32... Rdd6 (32... Qe7 $1 $11 33. Bg2 Qxa3 34. Bxa3 Ra6) 33. Ba1 $14 a6 34. Bc4 Rbc6 35. Qb3 {[%cal Rc4d5]} Rb6 36. Qf3 {[%cal Rc4d5]} Nfe7 37. Bb3 Kg7 {[#]} 38. Bb2 $1 Nc6 39. Qf2 (39. Qe4 $142) 39... Ncb4 {Threatening ...Nd3.} 40. Qd2 a5 41. h4 h5 42. Rg5 Kf7 (42... a4 $16 {was called for.} 43. Bxa4 Nd3 44. Qxd3 Rxb2) 43. Qe2 Nc6 $2 {[#]} (43... Kg7 44. Rc1 Kh6) 44. f5 $1 $18 {[%mdl 512]} exf5 45. Bxd5+ Rxd5 46. Qe8+ Kg7 47. Re6 Rd8 48. Rxg6+ ({And not} 48. Rxf6 Rxe8 49. Rfxg6+ (49. Rgxg6+ Kh7 $11) 49... Kh7 $11) 48... Kh7 49. Rgxf6 {[%cal Rf6f7]} ({Worse is} 49. Rexf6 Rxe8 50. Rh6+ Kg8 $11) 49... Rxe8 50. Rxe8 {aiming for Rd6.} Rxb2 {[%mdl 4096] Endgame KRR-KRN} 51. Rd6 Kg7 52. d5 {[%cal Bd4d5,Bd5d6][%mdl 32] White wants to mate with Rd7+.} Nd4 53. Re7+ Kf8 54. Rc7 {[%cal Rd6d8]} Ke8 55. Rh6 {[%cal Rh6h8]} Ne2+ 56. Kf2 {[%cal Rh6h8] White mates.} Kd8 57. d6 {[%cal Rh6h8]} Nd4+ 58. Ke3 {[%cal Rh6h8]} Nc2+ 59. Kf4 {[%cal Rh6h8]} Rb4+ 60. Kg5 {Precision: White = 63%, Black = 42%.} 1-0

[Event "88th GER-ch Men 2017"]
[Site "Apolda"]
[Date "2017.06.23"]
[Round "1"]
[White "Langheinrich, Ferenc"]
[Black "Middelhoff, Cornelius"]
[Result "1-0"]
[WhiteElo "2363"]
[BlackElo "2131"]
[Annotator "TA"]
[PlyCount "73"]
[EventDate "2017.??.??"]
[EventType "swiss"]
[EventCountry "GER"]
[SourceTitle "playchess.com"]
[Source "ChessBase"]
[SourceQuality "1"]

{[%evp 24,73,46,54,52,54,64,51,59,27,20,14,22,12,27,17,25,33,30,31,36,29,38,32,32,28,24,24,19,19,26,22,28,17,36,4,40,0,0,0,0,0,0,0,0,-36,-31,-35,406,360,446,425]} 1. e4 c5 2. Nf3 Nc6 3. d4 cxd4 4. Nxd4 e5 5. Nb5 {[%cal Bd4b5,Bb5a3,Ba3c2][%mdl 32]} d6 6. c4 Be7 7. N1c3 a6 8. Na3 Be6 9. Nc2 Bg5 10. Be2 Bxc1 11. Rxc1 Nf6 12. O-O O-O 13. Qd2 {LiveBook: 80 Games} Qd7 {B32: Sicilian: Löwenthal and Kalashnikov Variations} (13... Qb6 14. Rfd1 Rfd8 15. b3 h6 16. h3 Qa7 17. Bf3 Ne7 18. Ne3 Nc6 19. Bg4 Nd4 20. Bxe6 fxe6 21. Nc2 Nxc2 22. Rxc2 Rd7 {1-0 (54) Carlsen,M (2862)-Hou,Y (2673) Wijk aan Zee 2015}) 14. Rfd1 Rfd8 {[#]} 15. b4 $146 ({Predecessor:} 15. Qe3 Qe8 16. a3 Rac8 17. Rd2 Rc7 18. Rcd1 Qe7 19. h3 h6 20. Na4 Rcc8 21. Nb6 {1-0 (71) Mokry,K (2520)-Schmittdiel,E (2450) Germany 1994}) 15... Rac8 {White is slightly better.} 16. Nd5 Bxd5 $1 17. exd5 Ne7 18. Ne3 a5 19. a3 axb4 20. axb4 b6 21. Ra1 Ra8 22. Qc2 h6 23. Rxa8 Rxa8 24. c5 bxc5 25. bxc5 dxc5 26. Qxc5 {Black must now prevent d6.} Ne4 27. Qb4 Nd6 28. Qb2 (28. Bg4 $5 {[%cal Rg4d7]} Qd8 29. g3 $14) 28... f6 29. g3 Qa4 30. Bg4 Nef5 31. Nxf5 Qxg4 32. Ne3 Qf3 33. Re1 Ne4 34. Qe2 Ng5 {[#] ( -> ...Nh3+)} 35. h4 Nh3+ $2 {[%mdl 8192]} (35... Ra1 $15 36. Kh2 Rxe1 37. Qxe1 Ne4) 36. Kh2 $18 Qxf2+ 37. Kxh3 {Precision: White = 54%, Black = 61%.} 1-0